000 00435nam a2200181Ia 4500
008 100917s9999 xx 000 0 und d
082 _b28484
100 _aराजे शैलजा
245 _aदसरा
260 _bअनमोल प्रकाशन
_c1976
300 _a115
365 _b8
520 _aकथा
630 _aदसरा
650 _aकथा
730 _aदसरा
942 _cBOOK
999 _c633878
_d633875